000 00404nam a2200133Ia 4500
008 200918s9999 xx 000 0 und d
020 _a978-621-406-198-3
100 _aLim, Romeo D.
245 _cRomeo D. Lim
_aMicro perspectives on tourism and hospitality/
260 _aManila:
_bMindshapers Co., Inc.
_c2019
300 _axvi, 392 pages
_c25 cm.
650 _aHospitality industry
650 _aTourism
999 _c364284
_d364284